000
00206 a2200097 4500
020
_a
9788447800827
041
_a
spa
100
_a
Anne marie Chapouton
245
_a
Las zapatillas de ojos azules
942
_c
K
999
_c
30402
_d
30400